000
00296nam a2200109Ia 4500
008
180205s9999 xx 000 0 und d
020
_a
619267976
100
_a
Carey, Patrick
245
_c
Canovatchel, Frank
_a
Java script /
260
_a
USA
_b
Thomson course technology
_c
2006
300
_a
599 pages
999
_c
354670
_d
354670